PRACTICAL LAB MANUAL OF PHARMACEUTICAL ORGANIC CHEMISTRY (Record no. 34257)

MARC details
000 -LEADER
fixed length control field 00375nam a22001457a 4500
003 - CONTROL NUMBER IDENTIFIER
control field SGT
020 ## - INTERNATIONAL STANDARD BOOK NUMBER
International Standard Book Number 9789388022675
082 ## - DEWEY DECIMAL CLASSIFICATION NUMBER
Classification number 616.07
Item number DWI
100 ## - MAIN ENTRY--PERSONAL NAME
Personal name DWIVEDI DR SHIVENDRO K
245 ## - TITLE STATEMENT
Title PRACTICAL LAB MANUAL OF PHARMACEUTICAL ORGANIC CHEMISTRY
260 ## - PUBLICATION, DISTRIBUTION, ETC. (IMPRINT)
Place of publication, distribution, etc INDIA
Name of publisher, distributor, etc IP PUB
Year of Publication 2023
300 ## - PAGE DESCRIPTION
No. of Pages 84
650 ## - SUBJECT ADDED ENTRY--TOPICAL TERM
Topical term or geographic name as entry element PHARMACEUTICAL ORGANIC CHEMISTRY
942 ## - ADDED ENTRY ELEMENTS (KOHA)
Source of classification or shelving scheme Dewey Decimal Classification
Koha item type Books
Holdings
Withdrawn status Lost status Source of classification or shelving scheme Damaged status Not for loan Collection code Home library Current library Shelving location Date acquired Vendor Name Cost, normal purchase price Volume Information (Serial or Books or Non-Book Material) SGTU Bill Number Full call number Accession No. (Barcode) Date last seen Bill Date Koha item type
    Dewey Decimal Classification     SCIENCE SGT Science & Social Sciences Library SGT Science & Social Sciences Library Text Book 24/02/2026 IP PUB 350.00 I SGTU IPI/2025/SU/INS338/2 616.07 DWI DP1881 24/02/2026 10/02/2026 Books
    Dewey Decimal Classification     SCIENCE SGT Science & Social Sciences Library SGT Science & Social Sciences Library Text Book 24/02/2026 IP PUB 350.00 I SGTU IPI/2025/SU/INS338/2 616.07 DWI DP1882 24/02/2026 10/02/2026 Books
    Dewey Decimal Classification     SCIENCE SGT Science & Social Sciences Library SGT Science & Social Sciences Library Text Book 24/02/2026 IP PUB 350.00 II SGTU IPI/2025/SU/INS338/2 616.07 DWI DP1883 24/02/2026 10/02/2026 Books
    Dewey Decimal Classification     SCIENCE SGT Science & Social Sciences Library SGT Science & Social Sciences Library Text Book 24/02/2026 IP PUB 350.00 II SGTU IPI/2025/SU/INS338/2 616.07 DWI DP1884 24/02/2026 10/02/2026 Books